Central Library OPAC University of Rajshahi

Vegetable crops / (Record no. 66852)

MARC details
000 -LEADER
fixed length control field 00733nam a2200241 a 4500
001 - CONTROL NUMBER
control field 66852
003 - CONTROL NUMBER IDENTIFIER
rucl marc code BD-RjUL
005 - DATE AND TIME OF LATEST TRANSACTION
control field 20211209081602.0
008 - FIXED-LENGTH DATA ELEMENTS--GENERAL INFORMATION
fixed length control field 170320s2003 ii 001 0 eng d
035 ## - SYSTEM CONTROL NUMBER
System control number (BD-RjUL) 66983
040 ## - CATALOGING SOURCE
Original cataloging agency MOC
Transcribing agency MOC
Modifying agency BD-RjUL
Language of cataloging eng
041 ## - LANGUAGE CODE
Language code of text/sound track or separate title eng
082 ## - DEWEY DECIMAL CLASSIFICATION NUMBER
Edition number 23
Classification number 635
Author mark and year VEG 2003
245 10 - TITLE STATEMENT
Title Vegetable crops /
Statement of responsibility, etc. T K Bose, J Kabir, T K Maity, V A Parthasarathy & M G Som
250 ## - EDITION STATEMENT
Edition statement 3rd rev. ed.
260 ## - PUBLICATION, DISTRIBUTION, ETC. (IMPRINT)
Place of publication, distribution, etc. Kolkata :
Name of publisher, distributor, etc. Naya Prokash,
Date of publication, distribution, etc. 2003.
300 ## - PHYSICAL DESCRIPTION
Pagination v. ;
Illustrations 25 cm.
500 ## - GENERAL NOTE
General note Includes Index.
505 0# - FORMATTED CONTENTS NOTE
Formatted contents note Vol. 2 --V. 3 --
650 #0 - SUBJECT ADDED ENTRY--TOPICAL TERM
Topical term or geographic name as entry element Vegetable gardening
Geographic subdivision United States.
9 (RLIN) 44134
700 ## - ADDED ENTRY--PERSONAL NAME
Personal name BoseT K, Kabir J , Maity T K , Parthasarathy V A & Som M G
942 ## - ADDED ENTRY ELEMENTS (KOHA)
Source of classification or shelving scheme Dewey Decimal Classification
Koha item type Books
Holdings
Lost status Source of classification or shelving scheme Damaged status Not for loan Collection code Permanent Location Current Location Shelving location Date acquired Source of acquisition Cost, normal purchase price Total Checkouts Full call number Date last seen Copy number Koha item type
  Dewey Decimal Classification   Not For Loan Non-fiction Central Library, University of Rajshahi Central Library, University of Rajshahi Reading Room 11/10/2005 Paragon Enterprise Ltd. 6000.00   635 VEG V-2 2003 20/03/2017 C-1 Books
  Dewey Decimal Classification   Not For Loan Non-fiction Central Library, University of Rajshahi Central Library, University of Rajshahi Reading Room 11/10/2005 Paragon enterprise, Dhaka 6000.00   635 VEG V-3 2003 23/03/2017 C-1 Books